Music Quiz

Random Music or Kpop Quiz
Score 0/23 Timer 01:30
0 Plays Today
% Correct
Ten
76.2%
Yuta
75.8%
Mark
74.4%
Jaehyun
74.2%
Taeyong
74.2%
Lucas
73.9%
Jaemin
73.4%
Johnny
72.8%
Chenle
72.7%
Shotaro
72.6%
Doyoung
72.5%
Winwin
72.3%
% Correct
Renjun
71.9%
Haechan
71.7%
Jisung
71.7%
Jungwoo
71.6%
Kun
71.6%
Jeno
71.2%
Taeil
71.2%
Hendery
71%
Sungchan
69.8%
Yangyang
68.6%
Xiaojun
65.5%
Remove Ads.
Support Sporcle.
Get the best of Sporcle when you Go Orange. This ad-free experience offers more features, more stats, and more fun while also helping to support Sporcle. Thank you for becoming a member.

You're not logged in!

Compare scores with friends on all Sporcle quizzes.
OR
Log In

Show Comments

Extras

Top Quizzes Today


Score Distribution

Your Account Isn't Verified!

In order to create a playlist on Sporcle, you need to verify the email address you used during registration. Go to your Sporcle Settings to finish the process.

Report this User

Report this user for behavior that violates our Community Guidelines.

Details: